Catholic University of Zimbabwe Library
Online Public Access Catalogue
(OPAC)

Nineteenth-century American reader (Record no. 12126)

MARC details
000 -LEADER
fixed length control field 00436 a2200121 4500
245 ## - TITLE STATEMENT
Title Nineteenth-century American reader
Medium print
650 ## - SUBJECT ADDED ENTRY--TOPICAL TERM
Topical term or geographic name entry element AMERICAN LITERATURE
260 ## - PUBLICATION, DISTRIBUTION, ETC.
Place of publication, distribution, etc. dcu
Name of publisher, distributor, etc. Published by the U.S. Information Agency, Division for the Study of the U.S.
Date of publication, distribution, etc. 1987
084 ## -
-- PS535 .N56 1987
300 ## - PHYSICAL DESCRIPTION
Extent xvi, 579 p. : ill.
Other physical details 23 cm.
Dimensions xvi, 579 p. : ill. ; 23 cm.
500 ## - GENERAL NOTE
General note edited by M. Thomas Inge.

No items available.

OPENING HOURS

Weekdays: 0815hrs - 1800hrs
Weekends:0900hrs - 1200hrs

Closed for Mass:

Mon, Thur: 1200hrs - 1300hrs
Sunday & Public Holiday’s

CALL SUPPORT

0242-570570, 0242-570169
09200664, +263 8644140602

LOCATION

18443, Cranborne Avenue, Hatfield, Harare

Other Links


©2021 | CUZ Library